skbl

Dr Suryya Kumar Bhuyan Library Web-OPAC
ডঃ সূৰ্য্য
কুমাৰ ভূঞা পুথিভঁৰাল ৱেব-অ'পেক

All Research Scholars are advised to clear the annual library fees to continue using Library Resources, Remote Access, Plagiarism Test and Library Clearance.

Cotton University Book Fair 2026

Double Exposure: Fiction into Film / (Record no. 21570)

MARC details
000 -LEADER
fixed length control field 00719nam a2200277Ia 4500
001 - CONTROL NUMBER
control field 21588
005 - DATE AND TIME OF LATEST TRANSACTION
control field 20240114000606.0
007 - PHYSICAL DESCRIPTION FIXED FIELD--GENERAL INFORMATION
fixed length control field ta
008 - FIXED-LENGTH DATA ELEMENTS--GENERAL INFORMATION
fixed length control field 060307s 198 a g b000 u 465 u
020 ## - INTERNATIONAL STANDARD BOOK NUMBER
Terms of availability HB
040 ## - CATALOGING SOURCE
Original cataloging agency Cotton College,Assam
041 ## - LANGUAGE CODE
Language code of text/sound track or separate title 465
082 ## - DEWEY DECIMAL CLASSIFICATION NUMBER
Classification number 790.2
Item number Bo 715 Do
100 ## - MAIN ENTRY--PERSONAL NAME
Personal name Boyum, Joy Gould .
245 #0 - TITLE STATEMENT
Title Double Exposure: Fiction into Film /
Statement of responsibility, etc. Joy Gould Boyum.
Medium Textual Documents
250 ## - EDITION STATEMENT
Edition statement 1st ed. /
260 ## - PUBLICATION, DISTRIBUTION, ETC.
Place of publication, distribution, etc. Calcutta :
Name of publisher, distributor, etc. Seagull Books ,
Date of publication, distribution, etc. C 1985.
300 ## - PHYSICAL DESCRIPTION
Extent 287p. :
Other physical details ill ;
Dimensions 22cm .
653 ## - INDEX TERM--UNCONTROLLED
Uncontrolled term Motion Pictures
653 ## - INDEX TERM--UNCONTROLLED
Uncontrolled term Movie
653 ## - INDEX TERM--UNCONTROLLED
Uncontrolled term Films
653 ## - INDEX TERM--UNCONTROLLED
Uncontrolled term G-Performing Arts
942 ## - ADDED ENTRY ELEMENTS (KOHA)
Source of classification or shelving scheme Dewey Decimal Classification
Koha item type Books
Holdings
Withdrawn status Lost status Damaged status Not for loan Collection Home library Current library Date acquired Coded location qualifier Total checkouts Full call number Barcode Date last seen Copy number Price effective from Koha item type
          Dr. Suryya Kumar Bhuyan Library Dr. Suryya Kumar Bhuyan Library 01/02/2012 00000   790.2 Bo 715 Do 1514/Gift 14/01/2024 1 01/02/2012 Books

Designed and Maintained by Team SKBL
©1901-2026

Powered by Koha